00325nam a2200121Ia 4500008004100000041000800041082001500049100002100064245004400085260003200129300003100161365001100192240624s9999 xx 000 0 und d aeng a332.64 BUR aBURTON KATHERINE aHEDGE HUNTERS HEDGE FUND MASTERS ON THE c2009aNew DelhibViva Books axiv, : 206 : p. : cm. ; 22 cRSb30